Score 0/25 Timer 03:00
0 Plays Today
Title Missing Word % Correct
___ LincolnAbraham
96.6%
Jack and ___ Jill
90.9%
Follow ___ Dreams (Cancelled)Your
90.4%
I Don’t Believe in ___ WarmingGlobal
90%
Sweep it ___ the CarpetUnder
89.8%
This’ll ___ Nice When It’s FramedLook
89.4%
___ Lisa Showing Her BacksideMona
89.4%
Better ___ Than InOut
87.5%
___ the Pooh Bear TrapWinnie
86%
Because ___ WorthlessI'm
84.6%
Guantanamo ___ DetaineeBay
84.4%
The Grim ___ (Thekla)Reaper
82.4%
___ Your Coins, I Want ChangeKeep
81.4%
Title Missing Word % Correct
Washing ___ StripesZebra
79%
Let Them ___ CrackEat
79%
___ Little HelpsVery
71.3%
Twin ___ Towers
59.5%
Don’t ___ Your ScarfForget
47.6%
___ Ball GamesNo
44.6%
Naked Man ___ From WindowHanging
42.1%
This Is Not a ___ OpportunityPhoto
38.2%
Rodeo ___ KidCowboy
28.4%
___ Roller Traffic WardenSteam
25.1%
Fake Plato ___Quote
22.6%
Security Guard with Pink Balloon ___Dog
19.7%

Today's Daily Dose

Remove Ads.
Support Sporcle.
Get the best of Sporcle when you Go Orange. This ad-free experience offers more features, more stats, and more fun while also helping to support Sporcle. Thank you for becoming a member.

You're not logged in!

Compare scores with friends on all Sporcle quizzes.
OR
Log In

Show Comments

Extras

Top Quizzes Today


Score Distribution

Your Account Isn't Verified!

In order to create a playlist on Sporcle, you need to verify the email address you used during registration. Go to your Sporcle Settings to finish the process.

Report this User

Report this user for behavior that violates our Community Guidelines.

Details: